Jaico Illustrated Encyclopedia Of Technical Terms (Record no. 165608)

MARC details
000 -LEADER
fixed length control field 00444nam a2200169Ia 4500
008 - FIXED-LENGTH DATA ELEMENTS--GENERAL INFORMATION
fixed length control field 230612s9999 xx 000 0 und d
041 ## - LANGUAGE CODE
Language code of text/sound track or separate title eng
082 ## - DEWEY DECIMAL CLASSIFICATION NUMBER
Classification number JAI
100 ## - MAIN ENTRY--PERSONAL NAME
Personal name Jaico
9 (RLIN) 149791
245 ## - TITLE STATEMENT
Title Jaico Illustrated Encyclopedia Of Technical Terms
260 ## - PUBLICATION, DISTRIBUTION, ETC. (IMPRINT)
Date of publication, distribution, etc. 1991
Name of publisher, distributor, etc. Jaico Publication
300 ## - PHYSICAL DESCRIPTION
Extent 264
365 ## - TRADE PRICE
Currency code Rs.
Price amount 128.80
700 ## - ADDED ENTRY--PERSONAL NAME
Personal name Jaico
9 (RLIN) 149791
906 ## - LOCAL DATA ELEMENT F, LDF (RLIN)
d B:10008,4711-Dec-1992
c OTH
Holdings
Withdrawn status Lost status Damaged status Not for loan Home library Current library Date acquired Vendor Budget Code Cost, normal purchase price Bill number Total Checkouts Full call number Barcode Date last seen Cost, replacement price Bill Date Koha item type Original Barcode
        Cummins College of Engineering for Women Pune Cummins College of Engineering for Women Pune 18/12/1992 D. G. Copiers OTH 128.80 10008,47   JAI CCEP-BK-1326 12/06/2023 128.80 11/12/1992 Books 001326